[Event "ARG-ch sf 98th"]
[Site "Buenos Aires"]
[Date "2023.05.01"]
[Round "3"]
[White "Del Blanco, Eduardo"]
[Black "Senestraro, Lucas"]
[Result "1-0"]
[WhiteElo "2038"]
[BlackElo "1731"]
[PlyCount "115"]
[EventDate "2023.04.29"]
[EventType "swiss"]
[EventRounds "9"]
[EventCountry "ARG"]
[SourceTitle "CBM 214 Extra"]
[Source "ChessBase"]
[SourceDate "2023.07.31"]
[SourceVersion "1"]
[SourceVersionDate "2023.07.31"]
[SourceQuality "1"]

1. c4 Nf6 2. Nc3 e6 3. Nf3 d5 4. e3 Be7 5. d4 0-0 6. Bd3 dxc4 7. Bxc4 c5 8. 0-0 Nc6 9. a3 cxd4 10. exd4 Qa5 11. Be3 Rd8 12. b4 Qh5 13. Qb3 a6 14. Rfe1 b5 15. Be2 Ng4 16. h3 Nxe3 17. fxe3 Qh6 18. Ne4 Bb7 19. Nc5 Bxc5 20. bxc5 Rac8 21. Rad1 Na5 22. Qc3 Nc4 23. Kf2 Bd5 24. Bxc4 Bxc4 25. Kg1 f5 26. Qa5 Bd5 27. Kf2 Bxf3 28. Kxf3 Ra8 29. Qc7 Rac8 30. Qb7 Ra8 31. Kf2 Rdb8 32. Qc6 Rc8 33. Qd6 Rd8 34. Qe5 Qh4+ 35. g3 Qf6 36. Qxf6 gxf6 37. Kf3 Kf7 38. g4 fxg4+ 39. hxg4 a5 40. Rb1 Rab8 41. Rh1 Kg6 42. Ke4 b4 43. axb4 axb4 44. Rb3 Rh8 45. c6 h5 46. gxh5+ Rxh5 47. Rxh5 Kxh5 48. d5 exd5+ 49. Kxd5 Rd8+ 50. Kc5 Kg5 51. c7 Rc8 52. Kd6 Rh8 53. Kd7 Rh7+ 54. Kc6 Rh8 55. Kb7 Rh7 56. Kb8 Rh8+ 57. c8Q Rxc8+ 58. Kxc8 1-0

[Event "Trelew op"]
[Site "Trelew"]
[Date "2021.03.05"]
[Round "3"]
[White "Del Blanco, Eduardo"]
[Black "Crespo, Eugenio"]
[Result "1/2-1/2"]
[WhiteElo "2069"]
[BlackElo "2176"]
[PlyCount "86"]
[EventDate "2021.03.04"]
[EventType "swiss"]
[EventRounds "6"]
[EventCountry "ARG"]
[SourceTitle "EXT 2022"]
[Source "ChessBase"]
[SourceDate "2021.10.06"]
[SourceVersion "1"]
[SourceVersionDate "2021.10.06"]
[SourceQuality "1"]

1. d4 Nf6 2. Nf3 g6 3. g3 Bg7 4. Bg2 0-0 5. 0-0 d6 6. c4 Nbd7 7. Nc3 c5 8. d5 a6 9. a4 Ne8 10. Qd3 Ne5 11. Nxe5 dxe5 12. e4 Nd6 13. Be3 Qa5 14. b3 Bd7 15. Bg5 f6 16. Bd2 Qb6 17. Qc2 a5 18. Rae1 f5 19. Bh3 Qc7 20. f4 b6 21. Kh1 fxe4 22. Bxd7 Qxd7 23. Nxe4 e6 24. Nc3 exf4 25. dxe6 Qb7+ 26. Nd5 fxg3 27. hxg3 Nf5 28. Kh2 Kh8 29. Bf4 Rae8 30. Qg2 Qa7 31. Bc7 Bd4 32. Bxb6 Qg7 33. Bxa5 g5 34. Qe4 g4 35. Kg2 Nd6 36. Qe2 Qh6 37. Rh1 Qxe6 38. Rxh7+ Kxh7 39. Qxe6 Rxe6 40. Rxe6 Rf2+ 41. Kh1 Rf1+ 42. Kg2 Rf2+ 43. Kh1 Rf1+ 1/2-1/2

[Event "ARG-ch sf 94th"]
[Site "Buenos Aires"]
[Date "2019.04.05"]
[Round "7"]
[White "Fernandes, Martin"]
[Black "Del Blanco, Eduardo"]
[Result "1/2-1/2"]
[WhiteElo "1945"]
[BlackElo "2062"]
[PlyCount "172"]
[EventDate "2019.03.30"]
[EventType "swiss"]
[EventRounds "9"]
[EventCountry "ARG"]
[SourceTitle "CBM 189 Extra"]
[Source "ChessBase"]
[SourceDate "2019.06.03"]
[SourceVersion "1"]
[SourceVersionDate "2019.06.03"]
[SourceQuality "1"]

1. e4 d5 2. exd5 Qxd5 3. Nc3 Qd6 4. d4 Nf6 5. Nb5 Qd8 6. Bf4 Nd5 7. Qf3 Nxf4 8. Qxf4 Na6 9. Bc4 e6 10. Nf3 c6 11. Nc3 Nb4 12. Bb3 Be7 13. 0-0 0-0 14. Ne4 Nd5 15. Qg3 f5 16. Neg5 f4 17. Qg4 Rf5 18. Ne4 Kh8 19. Ne5 Qe8 20. Rfe1 Qh5 21. Qxh5 Rxh5 22. Nd6 Bxd6 23. Nf7+ Kg8 24. Nxd6 Rh6 25. Re4 b6 26. c4 Nc7 27. Rxf4 Rf6 28. Re4 Bd7 29. f4 a5 30. c5 bxc5 31. dxc5 Nd5 32. f5 exf5 33. Re7 Be6 34. Rb7 a4 35. Bc4 h5 36. Re1 Ra5 37. Rb8+ Kh7 38. Nb7 Ra7 39. Nd8 Bg8 40. Re8 Ne7 41. Bxg8+ Nxg8 42. Rxg8 Rd7 43. Re8 f4 44. Re6 Rxd8 45. Rxf6 Rxb8 46. Rxf4 Rxb2 47. Rxa4 Rc2 48. Ra5 g5 49. h3 Kg6 50. Kf1 Kf5 51. g3 Ke4 52. h4 g4 53. Ra4+ Kf3 54. Ra3+ Ke4 55. Ke1 Rxc5 56. Kd2 Rd5+ 57. Ke2 Rb5 58. Ra4+ Ke5 59. Ke3 Rc5 60. Re4+ Kd5 61. Kf4 Rc4 62. Rxc4 Kxc4 63. Kg5 Kb4 64. Kxh5 c5 65. Kxg4 c4 66. h5 c3 67. h6 c2 68. h7 c1Q 69. h8Q Qd1+ 70. Kf4 Qd2+ 71. Ke4 Qg2+ 72. Kf4 Qf2+ 73. Kg4 Qe2+ 74. Kf5 Qf3+ 75. Ke6 Qg4+ 76. Kd5 Qc4+ 77. Kd6 Qc5+ 78. Kd7 Qd5+ 79. Ke7 Qb7+ 80. Kf6 Qf3+ 81. Ke6 Qc6+ 82. Kf7 Qc7+ 83. Ke6 Qc6+ 84. Kf7 Qc7+ 85. Ke6 Qc6+ 86. Kf5 Qf3+ 1/2-1/2

[Event "ARG-ch sf 94th"]
[Site "Buenos Aires"]
[Date "2019.04.04"]
[Round "6"]
[White "Del Blanco, Eduardo"]
[Black "Herrera, Pablo Francisco"]
[Result "0-1"]
[WhiteElo "2062"]
[BlackElo "2008"]
[PlyCount "88"]
[EventDate "2019.03.30"]
[EventType "swiss"]
[EventRounds "9"]
[EventCountry "ARG"]
[SourceTitle "CBM 189 Extra"]
[Source "ChessBase"]
[SourceDate "2019.06.03"]
[SourceVersion "1"]
[SourceVersionDate "2019.06.03"]
[SourceQuality "1"]

1. d4 c5 2. c3 e6 3. Nf3 d5 4. Bf4 Qb6 5. Qb3 c4 6. Qc2 Nc6 7. Nbd2 Nf6 8. h3 Bd7 9. e4 Nxe4 10. Nxe4 dxe4 11. Nd2 Na5 12. Nxc4 Nxc4 13. Bxc4 Rc8 14. Qe2 Bd6 15. Bxd6 Qxd6 16. 0-0 0-0 17. Rfe1 f5 18. Bb3 Kh8 19. Rad1 Rf6 20. c4 Rg6 21. f3 exf3 22. Qxf3 Bc6 23. d5 exd5 24. cxd5 Bd7 25. Rc1 Rf8 26. Rc3 f4 27. Qf2 a5 28. a3 h6 29. Rf1 Bb5 30. Re1 Bd7 31. Rf1 Bb5 32. Re1 Bd7 33. Kh1 f3 34. Rxf3 Rxf3 35. Qxf3 Rg3 36. Qd1 Bxh3 37. Re8+ Kh7 38. Bc2+ g6 39. Be4 Bd7 40. Ra8 Rg4 41. Bf3 Rh4+ 42. Kg1 Qc5+ 43. Kf1 Rh1+ 44. Ke2 Rxd1 0-1

[Event "ARG-ch sf 94th"]
[Site "Buenos Aires"]
[Date "2019.03.30"]
[Round "1"]
[White "Falcon, Benjamin"]
[Black "Del Blanco, Eduardo"]
[Result "0-1"]
[WhiteElo "2331"]
[BlackElo "2062"]
[PlyCount "88"]
[EventDate "2019.03.30"]
[EventType "swiss"]
[EventRounds "9"]
[EventCountry "ARG"]
[SourceTitle "CBM 189 Extra"]
[Source "ChessBase"]
[SourceDate "2019.06.03"]
[SourceVersion "1"]
[SourceVersionDate "2019.06.03"]
[SourceQuality "1"]

1. e4 d5 2. exd5 Qxd5 3. Nc3 Qd6 4. d4 Nf6 5. Nf3 a6 6. g3 Nc6 7. Bg2 Bf5 8. Bf4 Qd8 9. 0-0 Nb4 10. Ne5 c6 11. a3 Nbd5 12. Nxd5 Nxd5 13. Bd2 Rc8 14. Qf3 e6 15. Nxf7 Kxf7 16. g4 Qf6 17. gxf5 Qxf5 18. Qb3 Bd6 19. Qxb7+ Rc7 20. Qb3 g5 21. Qd3 Qxd3 22. cxd3 Bf4 23. Bxf4 Nxf4 24. Be4 Ne2+ 25. Kg2 a5 26. Rfe1 Nxd4 27. Rac1 Rb8 28. Rc4 c5 29. Rec1 Re7 30. Bxh7 Rxb2 31. Rxc5 Nb3 32. Rb5 Nxc1 33. Rxb2 Rc7 34. Rb5 Kf6 35. Be4 Rc3 36. Rxa5 Nxd3 37. f3 Nf4+ 38. Kg3 Rc1 39. h4 Rg1+ 40. Kf2 Rg2+ 41. Kf1 gxh4 42. Ra8 h3 43. Rh8 h2 44. a4 Rg1+ 0-1

[Event "ARG-ch sf 93rd"]
[Site "Buenos Aires"]
[Date "2018.05.21"]
[Round "3"]
[White "Garcia, Raimundo"]
[Black "Del Blanco, Eduardo"]
[Result "0-1"]
[WhiteElo "2271"]
[BlackElo "2052"]
[PlyCount "94"]
[EventDate "2018.05.19"]
[EventType "swiss"]
[EventRounds "9"]
[EventCountry "ARG"]
[SourceTitle "CBM 184 Extra"]
[Source "ChessBase"]
[SourceDate "2018.06.28"]
[SourceVersion "1"]
[SourceVersionDate "2018.06.28"]
[SourceQuality "1"]

1. Nf3 d5 2. c4 e6 3. d4 Nf6 4. Nc3 Be7 5. Bg5 c6 6. e3 a6 7. Bd3 dxc4 8. Bxc4 b5 9. Bd3 Bb7 10. 0-0 Nbd7 11. e4 c5 12. e5 cxd4 13. exf6 gxf6 14. Be4 Bxe4 15. Nxe4 fxg5 16. Qxd4 Bf6 17. Nxf6+ Qxf6 18. Qe3 Qf4 19. Nxg5 Qxe3 20. fxe3 0-0 21. Rf3 h6 22. Ne4 f5 23. Rg3+ Kf7 24. Nd6+ Kf6 25. Rd1 Ne5 26. Nb7 Rac8 27. b4 Rc2 28. a3 Rf7 29. Nc5 a5 30. h3 axb4 31. axb4 Nc4 32. Nd7+ Ke7 33. Nb8 Rd2 34. Nc6+ Kf6 35. Rxd2 Nxd2 36. Rg8 Rc7 37. Nd4 Rc1+ 38. Kf2 e5 39. Nxb5 Ne4+ 40. Ke2 Rc4 41. Rf8+ Kg6 42. Re8 Rxb4 43. Rxe5 Rxb5 44. Re6+ Nf6 45. g4 fxg4 46. hxg4 Kg5 47. Kf3 Nxg4 0-1

[Event "ARG-ch sf 93rd"]
[Site "Buenos Aires"]
[Date "2018.05.19"]
[Round "1"]
[White "Pierrot, Juan Facundo"]
[Black "Del Blanco, Eduardo"]
[Result "1-0"]
[WhiteElo "2385"]
[BlackElo "2052"]
[PlyCount "113"]
[EventDate "2018.05.19"]
[EventType "swiss"]
[EventRounds "9"]
[EventCountry "ARG"]
[SourceTitle "CBM 184 Extra"]
[Source "ChessBase"]
[SourceDate "2018.06.28"]
[SourceVersion "1"]
[SourceVersionDate "2018.06.28"]
[SourceQuality "1"]

1. e4 b6 2. d4 Bb7 3. Bd3 g6 4. Nf3 Bg7 5. 0-0 c5 6. d5 d6 7. c4 Nf6 8. Re1 Nbd7 9. h3 0-0 10. Nc3 a6 11. Bf4 Nh5 12. Bh2 Ne5 13. Be2 Nxf3+ 14. Bxf3 Nf6 15. e5 Ne8 16. Qe2 dxe5 17. Bxe5 Nf6 18. Rad1 Re8 19. b3 Nd7 20. Bxg7 Kxg7 21. Qb2 Kg8 22. Re3 Nf6 23. Rde1 Qd6 24. h4 h5 25. Re5 Bc8 26. Qe2 Ra7 27. g3 Bg4 28. Kg2 Kg7 29. Qe3 Rb7 30. a4 Rc7 31. Qf4 Bxf3+ 32. Qxf3 Rd7 33. R5e2 Rc7 34. Nd1 b5 35. axb5 axb5 36. Nc3 Rb7 37. Nxb5 Rxb5 38. cxb5 Nxd5 39. Rd2 Rd8 40. Kh2 e6 41. Ra2 Qb6 42. Ra6 Qxb5 43. Ra7 Qe8 44. Rb7 Rd7 45. Rxd7 Qxd7 46. Rc1 Qb5 47. Rc4 Qa5 48. Qe2 Qb6 49. Qc2 Kh7 50. Ra4 Qb5 51. Ra7 Kg7 52. Qb2+ Nf6 53. Ra4 Qd3 54. Rf4 Qd8 55. Qe5 Qe7 56. g4 hxg4 57. h5 1-0

[Event "Trelew Acevedo Cup"]
[Site "Trelew"]
[Date "2018.04.30"]
[Round "5"]
[White "Crespo, Eugenio"]
[Black "Del Blanco, Eduardo"]
[Result "1-0"]
[WhiteElo "2174"]
[BlackElo "2052"]
[PlyCount "97"]
[EventDate "2018.04.27"]
[EventType "swiss"]
[EventRounds "7"]
[EventCountry "ARG"]
[SourceTitle "CBM 184 Extra"]
[Source "ChessBase"]
[SourceDate "2018.06.28"]
[SourceVersion "1"]
[SourceVersionDate "2018.06.28"]
[SourceQuality "1"]

1. e4 b6 2. d4 Bb7 3. Bd3 g6 4. f4 d5 5. e5 e6 6. Nf3 Qd7 7. Qe2 c5 8. c3 Nc6 9. a3 Nge7 10. Be3 Nf5 11. Bf2 c4 12. Bc2 b5 13. g4 Nfe7 14. h3 a5 15. Bh4 Bg7 16. 0-0 a4 17. Bf6 Rg8 18. Ng5 h6 19. Nh7 0-0-0 20. Kh2 Rh8 21. Nf8 Rhxf8 22. Bxg7 Rg8 23. Bf6 Kb8 24. Nd2 Rc8 25. Qf2 Rge8 26. Rae1 Ng8 27. Bg7 Ka8 28. Re3 Rb8 29. Qh4 Qe7 30. Qe1 Bc8 31. Ref3 Qa7 32. Qf2 Nce7 33. Qh4 Nc6 34. Qf2 Nce7 35. Rd1 Nc6 36. Nf1 Qe7 37. Ne3 Bd7 38. f5 gxf5 39. gxf5 f6 40. exf6 Nxf6 41. Bxh6 e5 42. dxe5 Nxe5 43. Rg3 Bc6 44. Rd4 Nd3 45. Bxd3 cxd3 46. Rg7 Ne4 47. Qf4 Qd6 48. Kh1 Rbd8 49. Rxd3 1-0

[Event "Trelew Acevedo Cup"]
[Site "Trelew"]
[Date "2018.04.27"]
[Round "1"]
[White "Lowy, Tomas"]
[Black "Del Blanco, Eduardo"]
[Result "0-1"]
[WhiteElo "1810"]
[BlackElo "2052"]
[PlyCount "118"]
[EventDate "2018.04.27"]
[EventType "swiss"]
[EventRounds "7"]
[EventCountry "ARG"]
[SourceTitle "CBM 184 Extra"]
[Source "ChessBase"]
[SourceDate "2018.06.28"]
[SourceVersion "1"]
[SourceVersionDate "2018.06.28"]
[SourceQuality "1"]

1. e4 d5 2. exd5 Qxd5 3. Nc3 Qa5 4. d4 c6 5. Be2 Nf6 6. Nf3 Bf5 7. 0-0 Nbd7 8. Bf4 e6 9. a3 Be7 10. Qd2 0-0 11. Bc4 Qd8 12. Rfe1 Nb6 13. Bb3 a5 14. h3 a4 15. Ba2 Nbd5 16. Nxd5 cxd5 17. Ne5 Qa5 18. c3 Qb5 19. Qe2 Qxe2 20. Rxe2 h6 21. Bb1 Bxb1 22. Rxb1 Ra6 23. Rbe1 Rc8 24. f3 Rb6 25. Ra1 Rb3 26. Nd3 Nd7 27. Ne5 Nb6 28. Bc1 Bf6 29. Ng4 Be7 30. Ne5 Ra8 31. f4 Ra5 32. Nd3 Kf8 33. Ne5 Rab5 34. Ra2 Bf6 35. Ng4 Be7 36. g3 Nc4 37. Ne3 Nd6 38. Nf1 Ne4 39. Rxe4 dxe4 40. Nd2 f5 41. Nxb3 Rxb3 42. Kf2 Ke8 43. g4 Kd7 44. g5 Kc6 45. Be3 hxg5 46. fxg5 Bd6 47. Ke2 f4 48. Bf2 Kd5 49. h4 e3 50. Bxe3 fxe3 51. Kxe3 e5 52. dxe5 Bxe5 53. Kf3 Rb6 54. Kg4 g6 55. h5 gxh5+ 56. Kxh5 Kc4 57. g6 Bg7 58. Ra1 Rb5+ 59. Kg4 Rxb2 0-1

[Event "Villa Martelli zt 2.5"]
[Site "Villa Martelli"]
[Date "2017.05.04"]
[Round "6"]
[White "Del Blanco, Eduardo"]
[Black "Salvatti, Diego"]
[Result "1/2-1/2"]
[WhiteElo "2093"]
[BlackElo "2026"]
[PlyCount "110"]
[EventDate "2017.04.30"]
[EventType "swiss"]
[EventRounds "9"]
[EventCountry "ARG"]
[SourceTitle "CBM 178 Extra"]
[Source "ChessBase"]
[SourceDate "2017.06.22"]
[SourceVersion "1"]
[SourceVersionDate "2017.06.22"]
[SourceQuality "1"]

1. d4 Nf6 2. Nf3 g6 3. g3 Bg7 4. Bg2 0-0 5. 0-0 d5 6. c4 c6 7. Nc3 Bf5 8. Qb3 Qb6 9. Qxb6 axb6 10. cxd5 cxd5 11. h3 Nc6 12. g4 Be4 13. e3 Bd3 14. Rd1 Bc4 15. Ne5 Rfd8 16. Nxc4 dxc4 17. f4 e6 18. Bd2 Nd5 19. Bf1 Nxc3 20. bxc3 b5 21. a4 bxa4 22. Bxc4 a3 23. Rdb1 Na5 24. Bd3 Bf8 25. Kf1 Ra7 26. Ke2 Rc8 27. Ra2 Be7 28. Bb5 Kf8 29. Kd3 b6 30. c4 Nb7 31. Bb4 Nd6 32. e4 Nxb5 33. Bxe7+ Kxe7 34. Rxb5 Ra4 35. c5 bxc5 36. dxc5 Kd7 37. Rb3 Rxc5 38. Rbxa3 Rxa3+ 39. Rxa3 Rc7 40. Ra8 Rb7 41. Ra3 h6 42. Kd4 f6 43. h4 Kc6 44. Ra6+ Kd7 45. Ra4 Kd6 46. Ra6+ Ke7 47. Ra4 Rd7+ 48. Ke3 Kf7 49. Ra5 Rb7 50. h5 gxh5 51. gxh5 Rb3+ 52. Kf2 Rb7 53. Kf3 Re7 54. Ra8 f5 55. Ra2 Rb7 1/2-1/2

[Event "Chubut Province-ch"]
[Site "Chubut"]
[Date "2015.11.29"]
[Round "7"]
[White "Del Blanco, Eduardo"]
[Black "Aguilar, Andres"]
[Result "0-1"]
[WhiteElo "2100"]
[BlackElo "2232"]
[PlyCount "89"]
[EventDate "2015.11.26"]
[EventType "swiss"]
[EventRounds "7"]
[EventCountry "ARG"]
[SourceTitle "CBM 169 Extra"]
[Source "ChessBase"]
[SourceDate "2015.12.18"]
[SourceVersion "1"]
[SourceVersionDate "2015.12.18"]
[SourceQuality "1"]

1. d4 Nf6 2. Nf3 g6 3. c4 Bg7 4. Nc3 0-0 5. e4 d6 6. Be2 Na6 7. 0-0 e5 8. d5 Nc5 9. Qc2 a5 10. Ne1 Nfd7 11. Bg4 f5 12. Bh3 Nf6 13. exf5 gxf5 14. Bg5 Qe8 15. Nb5 Na6 16. f3 Qg6 17. Bd2 Nh5 18. Nd3 Rf7 19. Rae1 Bf6 20. Re2 Bd7 21. Nc3 c6 22. a3 Bd8 23. Kh1 cxd5 24. Nxd5 Rc8 25. b4 Be6 26. Ne3 Nf4 27. Ree1 Nxh3 28. gxh3 Kh8 29. c5 f4 30. Rg1 Qh5 31. Ng4 Bd5 32. Kg2 Bf6 33. Ndf2 Bg7 34. Qd3 Be6 35. cxd6 axb4 36. axb4 Nb8 37. Ne4 Rg8 38. Rc1 Nd7 39. Rc7 Qh4 40. Nc5 Nxc5 41. bxc5 Bf6 42. Rxf7 Bxf7 43. Kh1 Qg5 44. h4 Qg7 45. Qf5 0-1

[Event "Chubut Province-ch"]
[Site "Chubut"]
[Date "2015.11.28"]
[Round "5"]
[White "Del Blanco, Eduardo"]
[Black "Crespo, Eugenio"]
[Result "1/2-1/2"]
[WhiteElo "2100"]
[BlackElo "2146"]
[PlyCount "50"]
[EventDate "2015.11.26"]
[EventType "swiss"]
[EventRounds "7"]
[EventCountry "ARG"]
[SourceTitle "CBM 169 Extra"]
[Source "ChessBase"]
[SourceDate "2015.12.18"]
[SourceVersion "1"]
[SourceVersionDate "2015.12.18"]
[SourceQuality "1"]

1. d4 Nf6 2. Nf3 e6 3. g3 c5 4. c3 Nc6 5. Bg2 d5 6. 0-0 Qb6 7. e3 cxd4 8. exd4 Bd6 9. Nbd2 0-0 10. Qb3 Qa6 11. Re1 Na5 12. Qc2 b5 13. b4 Nc4 14. Nxc4 dxc4 15. a4 Bb7 16. Bg5 Nd5 17. a5 Qc6 18. Rab1 a6 19. Nh4 h6 20. Bxh6 gxh6 21. Rxe6 Qd7 22. Rxh6 f5 23. Nxf5 Rxf5 24. Rxd6 Qxd6 25. Qxf5 Re8 1/2-1/2